Josefové /
Uloženo v:
| Hlavní autor: | |
|---|---|
| Další autoři: | |
| Médium: | E-audiokniha |
| Jazyk: | Czech |
| Vydáno: |
Praha :
Supraphon,
2025
|
| Témata: | |
| Tagy: |
Žádné tagy |
| LEADER | 01942nim a2200541 i 4500 | ||
|---|---|---|---|
| 001 | 313423 | ||
| 003 | CZ PrSKC | ||
| 005 | 20260601215742.0 | ||
| 007 | sd fungnnmmned | ||
| 008 | 250716s2025 xr nnnng f n cze | ||
| 015 | |a cnb003696316 | ||
| 024 | 1 | |a 099925686529 | |
| 028 | 0 | 1 | |a SU 6865-2 |b Supraphon |
| 040 | |a ABA001 |b cze |e rda | ||
| 072 | 7 | |a 821.162.3-3 |x Česká próza |2 Konspekt | |
| 080 | |a 821.162.3-32 |2 MRF | ||
| 080 | |a (086.7)08 |2 MRF | ||
| 080 | |a (086.76) |2 MRF | ||
| 100 | 1 | |a Čepelka, Miloň, |d 1936- |7 jk01021264 |4 aut |4 nrt | |
| 245 | 1 | 0 | |a Josefové / |c Miloň Čepelka |
| 264 | 1 | |a Praha : |b Supraphon, |c 2025 | |
| 300 | |a 1 audiodisk (1:29:16) ; |c 12 cm | ||
| 306 | |a 012916 | ||
| 336 | |a mluvené slovo |b spw |2 rdacontent | ||
| 337 | |a audio |b s |2 rdamedia | ||
| 338 | |a audiodisk |b sd |2 rdacarrier | ||
| 344 | |a digital |b optical |2 rda | ||
| 347 | |a audio soubor |b MP3 |2 rda | ||
| 500 | |a Název z disku | ||
| 508 | |a Režie, Naďa Dvorská | ||
| 511 | 0 | |a Čte Miloň Čepelka | |
| 518 | |o Nahráno |d leden 2025 |p studio V-Zenit | ||
| 655 | 7 | |a české novely |7 fd133969 |2 czenas | |
| 655 | 7 | |a audioknihy |7 fd119452 |2 czenas | |
| 655 | 7 | |a kompaktní disky |7 fd201991 |2 czenas | |
| 655 | 9 | |a Czech novellas |2 eczenas | |
| 655 | 9 | |a audiobooks |2 eczenas | |
| 655 | 9 | |a compact discs |2 eczenas | |
| 700 | 1 | |a Dvorská, Naďa, |d 1947- |7 jx20040726022 |4 drt | |
| 900 | |a ABA001 |b 19 | ||
| 044 | |a xr | ||
| 505 | 0 | 0 | |t Josefové-I. (24 min., 46 sek.) |
| 505 | 0 | 0 | |t Josefové-II. (21 min., 39 sek.) |
| 505 | 0 | 0 | |t Josefové-III. (24 min., 58 sek.) |
| 505 | 0 | 0 | |t Josefové-IV. (17 min., 56 sek.) |
| 910 | |a RBIT002 | ||
| 998 | |d 420239 |a https://core.palmknihy.cz/api/books/420239/cover?svohvs |b https://core.palmknihy.cz/api/books/420239/cover/400?svohvs |c https://core.palmknihy.cz/api/books/420239/cover/50?svohvs |e 2099-01-01 |i 099925686529 |l 5356 |q 49 |r 1 |s https://www.palmknihy.cz/kniha/420239 |t audiobook |y 2025 |z 0 | ||
| 999 | |d 313421 | ||